000 00842cam a22002532 4500
001 0000007112
005 20151217145834.0
008 071117s xx 000 0 eng d
020 _a0333778029 :
_cKES 3937.50
040 _aKABU
_cKABU
050 0 _aHG5432
_b.R88 2007
100 1 _aRutterford, Janette.
_@0000153344
245 1 0 _aIntroduction to stock exchange investment /
_cJanette Rutherford.
250 _a3rd ed.
260 _aHoundmills, Basingstoke :
_bPalgrave Macmillan,
_c2007.
300 _axix, 508 p.
650 0 _aInternational stock exchange.
_@0000153345
650 0 _aSecurities industry
_zGreat Britain.
_@0000153346
650 0 _aPortfolio management.
_@0000152629
650 0 _aInternational investment.
_@0000153347
908 _a071117
950 _@1
999 _c3157
_d3157